000 00693nam a2200289Ia 4500
005 20260324143239.0
008 008 260324s9999 xx 000 0 eng d
020 _a9781351127585
037 _aEBOOK
040 _aCRL
040 _beng
040 _cCRL
041 _2eng
041 _aeng
084 _qCRL
100 _aArthur G. Bedeian
_91195274
245 0 _aManagement Laureates
245 2 _bA Collection of Autobiographical Essays (Volume 1)
260 _bTaylor and Francis
260 _c1992
365 _a
365 _b145
856 _uhttp://www.taylorfrancis.com/books/9781351127585
942 _cEBOOK
999 _c1820091
_d1820091